|
|
|
|
| LEADER |
00000nam a22000007a 4500 |
| 005 |
20221025010445.0 |
| 007 |
cr|||| |||| |
| 008 |
221025s2022 br |||||s|||| 00||0 por d |
| 020 |
|
|
|a 978-65-86060-33-1
|
| 035 |
|
|
|a 37376
|
| 040 |
|
|
|a vLex
|
| 090 |
|
|
|c 14042
|d 14042
|
| 100 |
1 |
|
|a Maristrello Porto, Antn̥io
|
| 245 |
1 |
0 |
|a Perspectivas da Anl̀ise Econm̥ica do Direito no Brasil
|h [Recurso electrn̤ico] /
|c Antn̥io Maristrello Porto, Luiz Felipe Monteiro Seixas
|
| 256 |
|
|
|a Servicio en ln̕ea
|
| 260 |
|
|
|a Rio de Janeiro:
|b FGV - Direito Rio,
|c 2022
|
| 300 |
|
|
|a 1 recurso electrn̤ico
|
| 500 |
|
|
|a Esta obra convida o leitor a acompanhar a produȯ̂ acadm̊ica brasileira atual relativa ̉Anl̀ise Econm̥ica do Direito. O livro ̌resultado de trabalhos desenvolvidos no ḿbito do Programa de Ps̤-Graduaȯ̂ em Direito da Regulaȯ̂ da Escola de Direito da Fundaȯ̂ Getl︢io Vargas do Rio de Janeiro e do Programa de Ps̤-Graduaȯ̂ em Direito da Universidade Federal Rural do Semi-ℓrido, durante o ano de 2021, sendo composto por capt̕ulos que abordam problemt̀icas jurd̕icas contemporńeas. O elemento distintivo ̌exatamente o emprego de metodologias e abordagens de Direito & Economia no exame das diferentes temt̀icas, a partir de uma perspectiva crt̕ica e propositiva.
|
| 506 |
1 |
|
|a Disponible solo en los productos indicados
|d vLex Global
|d vLex Global (Academic Edition, excluding Law Schools)
|d vLex Global (U.S. Academic Edition, Law Schools)
|d vLex Global (U.S. Academic Edition, excluding Law Schools)
|d vLex Global (Academic Edition, Law Schools)
|
| 650 |
0 |
4 |
|a Derecho Administrativo Econm̤ico
|z Brasil
|
| 700 |
1 |
|
|a Monteiro Seixas, Luiz Felipe
|
| 740 |
0 |
|
|a vLex Libros (Servicio en ln̕ea)
|
| 856 |
4 |
0 |
|u https://app.vlex.com/#/sources/37376
|z Acceso restringido
|
| 942 |
|
|
|c BOOK
|
| 999 |
0 |
|
|a Economic Administrative Law
|